[Event "18th WCh U20 Girls"]
[Site "Yerevan ARM"]
[Date "2000.09.29"]
[Round "10"]
[White "Radziewicz, Iweta"]
[Black "Gasparian, Mariana"]
[Result "1-0"]
[WhiteElo "2379"]
[BlackElo "2090"]
[EventDate "2000.09.02"]
[PlyCount "121"]

1.e4 d6 2.d4 Nf6 3.Bd3 e5 4.c3 Be7 5.Nf3 Nbd7 6.O-O O-O 7.Re1 c6 8.Bf1 Re8
9.Qc2 Qc7 10.c4 Bf8 11.Nc3 a6 12.Bg5 b5 13.cxb5 cxb5 14.a3 exd4 15.Nxd4 
Bb7 16.Bd3 g6 17.Qd2 Bg7 18.Rac1 Nc5 19.b4 Nxd3 20.Qxd3 Qc4 21.Qd2 Nxe4 
22.Nxe4 Qxd4 23.Qxd4 Bxd4 24.Nxd6 Rxe1+ 25.Rxe1 Bc6 26.Rc1 Be8 27.Re1 Bc6 
28.Rc1 Be8 29.h4 f6 30.Bf4 Bb2 31.Rc7 Bxa3 32.Bh6 Rd8 33.Rg7+ Kh8 34.Rf7 
Bc6 35.Rxf6 Bd5 36.Nf7+ Bxf7 37.Rxf7 Bxb4 38.Ra7 a5 39.Rb7 Bc3 40.Rxb5 Kg8
41.Rc5 Bb4 42.Rb5 Rd1+ 43.Kh2 Bd6+ 44.Kh3 a4 45.Ra5 a3 46.Ra7 Rd3+ 47.Kg4 
Be5 48.Be3 Bb2 49.h5 Rd5 50.h6 Rf5 51.f4 Rb5 52.Kf3 Rb3 53.Ke4 Rb8 54.Bc5 
Re8+ 55.Kd5 Rd8+ 56.Ke6 Re8+ 57.Kd7 Kf7 58.g4 Re4 59.Ra8 g5 60.f5 Kf6 61.
Bd6 1-0

[Event "18th WCh U20 Girls"]
[Site "Yerevan ARM"]
[Date "2000.09.29"]
[Round "10"]
[White "Ionica, Iulia"]
[Black "Khukhashvili, Sopiko"]
[Result "0-1"]
[WhiteElo "2160"]
[BlackElo "2272"]
[EventDate "2000.09.02"]
[PlyCount "74"]

1.e4 c5 2.Nf3 e6 3.d4 cxd4 4.Nxd4 a6 5.Nc3 Qc7 6.a3 Nc6 7.Be3 Nf6 8.Be2 b5
9.O-O Bb7 10.f4 Bc5 11.Qd3 b4 12.Na4 Be7 13.Nb3 bxa3 14.bxa3 d5 15.e5 Nd7 
16.Rab1 O-O 17.Rf3 g6 18.Kh1 Rab8 19.Rh3 d4 20.Bg1 Bxa3 21.Nd2 Be7 22.Ne4 
Nb4 23.Rxb4 Bxe4 24.Qc4 Qc6 25.Qxc6 Bxc6 26.Rxd4 Rb1 27.Nc3 Rxg1+ 28.Kxg1 
Bc5 29.Rd3 Nxe5 30.fxe5 Rd8 31.Bf3 Rxd4 32.Kf1 Rxd3 33.cxd3 Bxf3 34.gxf3 
Bd4 35.Na4 Bxe5 36.h3 Bd4 37.Ke2 g5 0-1

[Event "18th WCh U20 Girls"]
[Site "Yerevan ARM"]
[Date "2000.09.29"]
[Round "10"]
[White "Gvetadze, Sopio"]
[Black "Batyte, Daiva"]
[Result "1-0"]
[WhiteElo "2196"]
[BlackElo "2164"]
[EventDate "2000.09.02"]
[PlyCount "133"]

1.e4 e6 2.d4 d5 3.exd5 exd5 4.Nf3 Be7 5.Bd3 Nf6 6.O-O O-O 7.h3 Nbd7 8.Re1 
Re8 9.Ne5 c5 10.c3 Bd6 11.f4 cxd4 12.cxd4 Qb6 13.Kh1 Nf8 14.Nc3 Bd7 15.Rb1
Bc6 16.Be3 a5 17.Bg1 Ng6 18.Qf3 Qd8 19.Rbd1 Qb6 20.Re2 a4 21.a3 Qa5 22.
Rde1 Nf8 23.Bc2 Rec8 24.g4 Be8 25.g5 Ne4 26.Nxe4 Bxe5 27.Nc5 Bc7 28.Nxb7 
Qb6 29.Nc5 Bb5 30.Re3 Bd6 31.Rc3 Bc6 32.Re2 Bb5 33.Re1 Qb8 34.Be3 Bc4 35.
Nxa4 Qb5 36.Qd1 Qd7 37.Bc1 Bb5 38.Nb6 Rxc3 39.Nxd7 Rxh3+ 40.Kg2 Bxd7 41.
Rh1 Rxh1 42.Kxh1 Re8 43.Kg2 Bb5 44.Bd3 Bd7 45.b4 Ne6 46.Bf5 g6 47.Bxe6 
Rxe6 48.Kf3 Re4 49.Qg1 Bb5 50.Be3 Re7 51.Qd1 Ra7 52.Qb3 Bc4 53.Qb2 Kg7 54.
f5 gxf5 55.Bf4 Bxf4 56.Kxf4 Re7 57.b5 Re4+ 58.Kf3 Rh4 59.b6 Bd3 60.b7 f4 
61.b8=Q Be4+ 62.Kf2 Rh2+ 63.Ke1 Rh1+ 64.Kd2 Rh2+ 65.Kc3 Rxb2 66.Qxb2 f6 
67.gxf6+ 1-0

[Event "18th WCh U20 Girls"]
[Site "Yerevan ARM"]
[Date "2000.09.29"]
[Round "10"]
[White "Mosin, Cristina"]
[Black "Dvorakova, Magdalena"]
[Result "1/2-1/2"]
[WhiteElo "2191"]
[BlackElo "2026"]
[EventDate "2000.09.02"]
[PlyCount "89"]

1.e4 c5 2.Nf3 b6 3.d4 cxd4 4.Nxd4 Bb7 5.Nc3 a6 6.Bc4 e6 7.O-O Qc7 8.Qe2 
Bc5 9.Be3 Nf6 10.f3 O-O 11.Rad1 Nc6 12.Nxc6 Bxe3+ 13.Qxe3 dxc6 14.Ne2 c5 
15.c3 Rad8 16.Bd3 h6 17.g4 Nh7 18.h4 Qe7 19.Qf2 Kh8 20.Kg2 Rd7 21.Bc2 Rxd1
22.Rxd1 Rd8 23.Qe1 Nf8 24.h5 Rxd1 25.Qxd1 Qd7 26.Kf2 Qxd1 27.Bxd1 Nd7 28.
b3 Kg8 29.Ke3 Kf8 30.f4 Nf6 31.Ng3 Ke7 32.Bf3 Ne8 33.e5 Bxf3 34.Kxf3 Kd7 
35.Ne4 Ke7 36.g5 Kd7 37.Nf6+ Ke7 38.gxh6 gxh6 39.Ng8+ Kf8 40.Nxh6 f5 41.
exf6 Nxf6 42.Ng4 Nxh5 43.Ne5 Nf6 44.c4 Ke7 45.Ke3 1/2-1/2

[Event "18th WCh U20 Girls"]
[Site "Yerevan ARM"]
[Date "2000.09.29"]
[Round "10"]
[White "Babataeva, Indira"]
[Black "Horn, Emilia"]
[Result "1-0"]
[WhiteElo "2077"]
[BlackElo "2052"]
[EventDate "2000.09.02"]
[PlyCount "103"]

1.e4 e6 2.Qe2 c5 3.d3 g6 4.g3 Bg7 5.Bg2 Nc6 6.Nf3 Nge7 7.Nbd2 O-O 8.O-O e5
9.c3 d5 10.Nh4 d4 11.c4 Rb8 12.f4 exf4 13.gxf4 f5 14.e5 g5 15.fxg5 Nxe5 
16.Ndf3 Nxf3+ 17.Bxf3 b5 18.Bf4 Rb6 19.Rae1 Re6 20.Qc2 b4 21.Rxe6 Bxe6 22.
Re1 Bf7 23.Qa4 Re8 24.Re2 Ng6 25.Nxg6 hxg6 26.Qxa7 Bf8 27.Qc7 Qxc7 28.Bxc7
Rxe2 29.Bxe2 Be7 30.h4 Be6 31.Bf3 Kf7 32.Bc6 Bf8 33.a4 bxa3 34.bxa3 Ke7 
35.a4 Bd7 36.Bb5 Bc8 37.a5 Bb7 38.Kf2 Kf7 39.a6 Ba8 40.Bd7 Ke7 41.Bc8 Bc6 
42.Bb7 Kd7 43.Be5 Be7 44.Kg3 Bd8 45.Kf4 Ba5 46.Kg3 Be1+ 47.Kh3 Bd2 48.h5 
f4 49.h6 f3 50.h7 f2 51.Bxc6+ Kxc6 52.Kg2 1-0

[Event "18th WCh U20 Girls"]
[Site "Yerevan ARM"]
[Date "2000.09.30"]
[Round "11"]
[White "Xu Yuanyuan"]
[Black "Pahtz, Elisabeth"]
[Result "1/2-1/2"]
[WhiteElo "2396"]
[BlackElo "2343"]
[EventDate "2000.09.02"]
[PlyCount "81"]

1.d4 Nf6 2.Nf3 g6 3.c4 Bg7 4.g3 d6 5.Bg2 O-O 6.Nc3 Nc6 7.d5 Na5 8.Nd2 c5 
9.O-O a6 10.Qc2 Rb8 11.b3 b5 12.Bb2 e5 13.dxe6 fxe6 14.cxb5 axb5 15.Nce4 
Nxe4 16.Bxg7 Nxd2 17.Bxf8 Nxf1 18.Bh6 Nxh2 19.Qc3 Qc7 20.Qf6 Bb7 21.Qxe6+ 
Qf7 22.Qxf7+ Kxf7 23.Kxh2 Bxg2 24.Kxg2 Nc6 25.Rd1 Ke6 26.e4 Ra8 27.Rd2 Nb4
28.Bf4 Rd8 29.g4 Rd7 30.Kg3 d5 31.a3 Nc6 32.Rc2 c4 33.exd5+ Kxd5 34.bxc4+ 
bxc4 35.Be3 Rb7 36.Rd2+ Ke4 37.Rd6 Na5 38.Rd4+ Ke5 39.f4+ Ke6 40.Re4+ Kf7 
41.Bd4 1/2-1/2

[Event "18th WCh U20 Girls"]
[Site "Yerevan ARM"]
[Date "2000.09.30"]
[Round "11"]
[White "Wang Yu"]
[Black "Mkrtchian, Lilit"]
[Result "1/2-1/2"]
[WhiteElo "2401"]
[BlackElo "2312"]
[EventDate "2000.09.02"]
[PlyCount "79"]

1.e4 e6 2.d3 d5 3.Nd2 Nf6 4.Ngf3 b6 5.c3 Be7 6.Qa4+ c6 7.e5 Nfd7 8.d4 a5 
9.h4 f6 10.exf6 Bxf6 11.Bd3 Ba6 12.Bxa6 Rxa6 13.Qc2 c5 14.Qd3 c4 15.Qc2 b5
16.Nf1 e5 17.dxe5 Re6 18.Be3 Nxe5 19.Nxe5 Rxe5 20.O-O-O O-O 21.Nh2 Re4 22.
Nf3 Nc6 23.Qd2 b4 24.Qxd5+ Qxd5 25.Rxd5 bxc3 26.bxc3 Bxc3 27.Nd2 Rg4 28.
Rg5 Rxg5 29.hxg5 Ne5 30.Rh4 Bb4 31.Kc2 Nd3 32.Rxc4 Ne1+ 33.Kd1 Nxg2 34.Bd4
Nf4 35.Kc2 Nh3 36.Rc7 Rf7 37.Rc8+ Rf8 38.Rc7 Rf7 39.Rc8+ Rf8 40.Rc7 
1/2-1/2

[Event "18th WCh U20 Girls"]
[Site "Yerevan ARM"]
[Date "2000.09.30"]
[Round "11"]
[White "Pina Vega, Sulennis"]
[Black "Radziewicz, Iweta"]
[Result "1-0"]
[WhiteElo "2312"]
[BlackElo "2379"]
[EventDate "2000.09.02"]
[PlyCount "137"]

1.e4 c5 2.Nf3 Nc6 3.d4 cxd4 4.Nxd4 Nf6 5.Nc3 e5 6.Ndb5 d6 7.Nd5 Nxd5 8.
exd5 Nb8 9.c3 Be7 10.a4 O-O 11.Be2 f5 12.f4 a6 13.Na3 Nd7 14.O-O exf4 15.
Bxf4 g5 16.Be3 Ne5 17.Nc4 Nxc4 18.Bxc4 Bf6 19.a5 f4 20.Bd4 Bd7 21.Be2 Qe7 
22.Re1 Bxd4+ 23.Qxd4 Rae8 24.Bh5 Qxe1+ 25.Rxe1 Rxe1+ 26.Kf2 Re5 27.Qb4 f3 
28.gxf3 Rxd5 29.Qxb7 Be6 30.Qe7 Bc8 31.c4 Rd2+ 32.Ke3 Rxh2 33.Qxg5+ Kh8 
34.c5 Rxb2 35.cxd6 Rb3+ 36.Kd2 Rb5 37.Qe7 Kg8 38.Be8 Rd5+ 39.Ke3 Bf5 40.d7
Rd3+ 41.Ke2 Bxd7 42.Kxd3 Bxe8 43.Ke3 Bb5 44.Qg5+ Kf7 45.f4 Re8+ 46.Kf2 Re6
47.Qf5+ Rf6 48.Qxh7+ Ke6 49.Kg3 Bd7 50.Kg4 Rf7 51.Qg6+ Ke7+ 52.Kg3 Bb5 53.
Qe4+ Kf8 54.Qe6 Rg7+ 55.Kf3 Rf7 56.f5 Bd7 57.Qd6+ Kg7 58.Qg6+ Kf8 59.f6 
Bc8 60.Kf4 Bb7 61.Ke5 Bc6 62.Qh6+ Kg8 63.Qg5+ Kf8 64.Qh4 Ke8 65.Qh8+ Rf8 
66.Qg7 Rf7 67.Qg8+ Rf8 68.Qe6+ Kd8 69.Qe7+ 1-0

[Event "18th WCh U20 Girls"]
[Site "Yerevan ARM"]
[Date "2000.09.30"]
[Round "11"]
[White "Javakhishvili, Lela"]
[Black "Jackova, Jana"]
[Result "0-1"]
[WhiteElo "2301"]
[BlackElo "2358"]
[EventDate "2000.09.02"]
[PlyCount "102"]

1.d4 d5 2.c4 dxc4 3.e4 e5 4.Nf3 exd4 5.Bxc4 Nc6 6.O-O Be6 7.Bxe6 fxe6 8.
Qb3 Qd7 9.Qxb7 Rb8 10.Qa6 Bb4 11.Qd3 Nf6 12.a3 Bd6 13.Nbd2 O-O 14.b3 Ng4 
15.Bb2 Nce5 16.Nxe5 Bxe5 17.g3 Qf7 18.f4 Qh5 19.Nf3 g5 20.f5 Qh3 21.Qd2 
Bxg3 22.hxg3 Qxg3+ 23.Kh1 Rf6 24.Nh2 Rh6 25.Qxg5+ Kh8 26.Bxd4+ e5 27.Qxh6 
Nxh6 28.Rf3 Qg7 29.f6 Qg5 30.Rg1 Qh5 31.f7 Nxf7 32.Rf5 Qxf5 33.exf5 exd4 
34.Rc1 Rxb3 35.Rxc7 Kg7 36.Rxa7 Kf6 37.Rd7 d3 38.Nf3 Rxa3 39.Kg2 h5 40.Kf2
Ne5 41.Rd6+ Kxf5 42.Rd5 Ra2+ 43.Kg3 h4+ 44.Nxh4+ Ke4 45.Rd8 d2 46.Ng2 Ra3+
47.Kf2 Rd3 48.Rxd3 Kxd3 49.Ne1+ Kd4 50.Ke2 Kc3 51.Ng2 Nc4 0-1

[Event "18th WCh U20 Girls"]
[Site "Yerevan ARM"]
[Date "2000.09.30"]
[Round "11"]
[White "Khukhashvili, Sopiko"]
[Black "Calotescu, Ana-Cristina"]
[Result "1/2-1/2"]
[WhiteElo "2272"]
[BlackElo "2222"]
[EventDate "2000.09.02"]
[PlyCount "49"]

1.e4 c5 2.Nf3 d6 3.c3 Nf6 4.h3 Nc6 5.Bd3 g6 6.Bc2 Bg7 7.O-O O-O 8.Re1 b6 
9.a3 Ba6 10.d4 Qc7 11.b4 Rac8 12.Ba4 Bb7 13.Nbd2 Nh5 14.Nf1 e6 15.Ra2 a6 
16.Bc2 Nb8 17.Be3 Nd7 18.Bb1 cxd4 19.cxd4 b5 20.Rc2 Qb8 21.Qd3 Nb6 22.N3d2
Ba8 23.Rec1 Rxc2 24.Rxc2 Nf6 25.Bf4 1/2-1/2

[Event "18th WCh U20 Girls"]
[Site "Yerevan ARM"]
[Date "2000.09.30"]
[Round "11"]
[White "Kaps, Darja"]
[Black "Mohota, Nisha"]
[Result "0-1"]
[WhiteElo "2180"]
[BlackElo "2275"]
[EventDate "2000.09.02"]
[PlyCount "72"]

1.e4 c5 2.Nf3 d6 3.d4 cxd4 4.Nxd4 Nf6 5.Nc3 a6 6.Bc4 e6 7.Bb3 b5 8.O-O Be7
9.f4 O-O 10.Qf3 Bb7 11.a3 Nbd7 12.f5 e5 13.Nde2 Nc5 14.Bd5 Bxd5 15.exd5 
Qb6 16.Be3 Qb7 17.Rad1 Rac8 18.Ng3 Na4 19.Nce4 Nxb2 20.Nxf6+ Bxf6 21.Ne4 
Nxd1 22.Qxd1 Qe7 23.Qh5 Rc4 24.Nxf6+ Qxf6 25.Bg5 g6 26.Qh6 Qg7 27.Qh3 gxf5
28.Rxf5 f6 29.Bh6 Qa7+ 30.Kf1 Rf7 31.Qg3+ Kh8 32.Qf3 e4 33.Qf4 Qd4 34.Qxd6
Qd1+ 35.Kf2 e3+ 36.Bxe3 Qxc2+ 0-1

[Event "18th WCh U20 Girls"]
[Site "Yerevan ARM"]
[Date "2000.09.30"]
[Round "11"]
[White "Gasparian, Mariana"]
[Black "Ramaswamy, Aarthie"]
[Result "0-1"]
[WhiteElo "2090"]
[BlackElo "2319"]
[EventDate "2000.09.02"]
[PlyCount "152"]

1.d4 Nf6 2.Nf3 g6 3.g3 Bg7 4.Bg2 O-O 5.c4 d6 6.O-O Nc6 7.d5 Na5 8.Nfd2 c6 
9.a3 cxd5 10.cxd5 e6 11.e4 exd5 12.exd5 Bg4 13.Qa4 Rc8 14.Nc3 Re8 15.Qf4 
Bf5 16.Nb5 Bd3 17.Nxd6 Bxf1 18.Nxf1 Nb3 19.Nxe8 Qxe8 20.Rb1 Qe1 21.Qe3 Qd1
22.Bf3 Qc2 23.Bd2 Qxb1 24.Qxb3 b6 25.Kg2 Qf5 26.Ne3 Qd7 27.Bc3 h5 28.Qb4 
Ne8 29.Bxg7 Nxg7 30.Nc4 h4 31.g4 Rc5 32.Ne5 Qe7 33.Qd4 Ne8 34.Qf4 Qf6 35.
Qe3 Rc8 36.Nc6 Kf8 37.Nxa7 Rc7 38.Nc6 Qxb2 39.Qh6+ Kg8 40.Qe3 Kf8 41.a4 
Qh8 42.h3 Qa1 43.Qh6+ Kg8 44.Qxh4 Qf6 45.g5 Qd6 46.Qe4 Ng7 47.Bg4 Nh5 48.
Bxh5 gxh5 49.f4 Rd7 50.f5 Kf8 51.Nb4 Re7 52.Qc4 Qc5 53.Qxc5 bxc5 54.d6 
Re2+ 55.Kf3 Rd2 56.Nc6 Rxd6 57.Ne5 Rd5 58.Ke4 Rd4+ 59.Ke3 Rxa4 60.Nd7+ Kg7
61.Nxc5 Rh4 62.Nd7 Rxh3+ 63.Kf2 Rh4 64.Kf3 Rg4 65.g6 Rd4 66.Ne5 f6 67.Nc6 
Rd6 68.Nb4 h4 69.Kg2 Rd4 70.Nc6 Rd5 71.Kh3 Rxf5 72.Kxh4 Rc5 73.Ne7 Re5 74.
Nc6 Re6 75.Nd8 Rd6 76.Nb7 Rd5 0-1

[Event "18th WCh U20 Girls"]
[Site "Yerevan ARM"]
[Date "2000.09.30"]
[Round "11"]
[White "Sorokina, Anastasia"]
[Black "Gvetadze, Sopio"]
[Result "0-1"]
[WhiteElo "2189"]
[BlackElo "2196"]
[EventDate "2000.09.02"]
[PlyCount "74"]

1.e4 Nf6 2.Nc3 d5 3.e5 d4 4.Nce2 Ng4 5.f4 h5 6.Nf3 c5 7.h3 Nh6 8.d3 Nf5 9.
g3 Nc6 10.Bg2 e6 11.Kf2 Nb4 12.g4 hxg4 13.hxg4 Rxh1 14.Bxh1 Nh6 15.Kg3 Bd7
16.c3 dxc3 17.bxc3 Nd5 18.c4 Nb6 19.Ng5 Ba4 20.Qd2 Qd7 21.Be4 O-O-O 22.Qe3
Bc6 23.Rb1 Kb8 24.Bxc6 Qxc6 25.Ne4 Be7 26.Bb2 Qa4 27.Bc1 Qxa2 28.Rb2 Qa4 
29.N2c3 Qd7 30.Rd2 f5 31.Nxc5 Qc6 32.Nb3 Nxg4 33.Qg1 Rh8 34.Ne4 fxe4 35.
Kxg4 Qe8 36.Kg3 Qg6+ 37.Kf2 e3+ 0-1

[Event "18th WCh U20 Girls"]
[Site "Yerevan ARM"]
[Date "2000.09.30"]
[Round "11"]
[White "Aginian, Nelly"]
[Black "Babataeva, Indira"]
[Result "1/2-1/2"]
[WhiteElo "2205"]
[BlackElo "2077"]
[EventDate "2000.09.02"]
[PlyCount "155"]

1.e4 c5 2.Nf3 g6 3.d4 Bg7 4.c3 cxd4 5.cxd4 d5 6.exd5 Nf6 7.Bb5+ Nbd7 8.d6 
exd6 9.Qe2+ Qe7 10.Qxe7+ Kxe7 11.Nc3 a6 12.Bd3 Nb6 13.O-O h6 14.Re1+ Be6 
15.a4 Kd7 16.a5 Nbd5 17.Na4 Rhe8 18.h3 Ke7 19.b3 Nb4 20.Bb1 Nfd5 21.Ba3 
Rad8 22.Be4 Kf8 23.Rac1 Nc6 24.Nb6 Nce7 25.Bxd5 Nxd5 26.Nc4 Ke7 27.Nfe5 
Bf8 28.f4 Kf6 29.Nd3 Bf5 30.Ncb2 Rxe1+ 31.Rxe1 Rc8 32.g4 Bxd3 33.Nxd3 Rc3 
34.Nf2 Rxb3 35.Ne4+ Kg7 36.Bxd6 Bxd6 37.Nxd6 Nxf4 38.Re7 Nxh3+ 39.Kg2 Ng5 
40.Nxb7 Rb5 41.Rd7 Kf8 42.d5 Ne4 43.d6 Nc5 44.Nxc5 Rxc5 45.Ra7 Rd5 46.Ra8+
Kg7 47.Rxa6 Kf6 48.Kf3 Ke6 49.d7+ Kxd7 50.Ra8 Rd4 51.Rh8 Ra4 52.Rxh6 Ke6 
53.Rh8 Rxa5 54.Rb8 Kf6 55.Rb3 Kg5 56.Kg3 Ra4 57.Rb5+ f5 58.gxf5 gxf5 59.
Rb3 Rg4+ 60.Kf3 Rh4 61.Rb8 Rh3+ 62.Kg2 Rc3 63.Kf2 Kg4 64.Ra8 Rc2+ 65.Kf1 
f4 66.Ra3 Rc1+ 67.Kf2 Rc2+ 68.Kf1 Rb2 69.Rc3 Rh2 70.Ra3 Rh1+ 71.Kf2 Rb1 
72.Rc3 Rb2+ 73.Kf1 Kf5 74.Ra3 Ke4 75.Ra4+ Kf3 76.Ra3+ Kg4 77.Rc3 f3 78.Rc8
1/2-1/2

[Event "18th WCh U20 Girls"]
[Site "Yerevan ARM"]
[Date "2000.09.30"]
[Round "11"]
[White "Horn, Emilia"]
[Black "Mosin, Cristina"]
[Result "0-1"]
[WhiteElo "2052"]
[BlackElo "2191"]
[EventDate "2000.09.02"]
[PlyCount "76"]

1.e4 c5 2.Nf3 Nc6 3.Bb5 g6 4.Bxc6 bxc6 5.d3 Bg7 6.O-O e5 7.Re1 Ne7 8.Nbd2 
O-O 9.Nb3 d6 10.h3 f5 11.exf5 gxf5 12.Nh2 f4 13.c3 Nf5 14.d4 cxd4 15.cxd4 
Nxd4 16.Nxd4 exd4 17.Qf3 d5 18.Bxf4 Qf6 19.Be5 Qxe5 20.Rxe5 Rxf3 21.Nxf3 
Bxe5 22.Nxe5 c5 23.Rc1 c4 24.Nc6 d3 25.Ne7+ Kf7 26.Nxd5 Be6 27.Nf4 Rb8 28.
Nxe6 Kxe6 29.Rxc4 Kd5 30.Rc1 Rxb2 31.a4 Kd4 32.Kf1 d2 33.Rd1 Kd3 34.f4 Rb4
35.g3 Kc2 36.Ke2 Re4+ 37.Kf3 Kxd1 38.Kxe4 Ke2 0-1

[Event "18th WCh U20 Girls"]
[Site "Yerevan ARM"]
[Date "2000.09.30"]
[Round "11"]
[White "Leclair, Marie"]
[Black "Ionica, Iulia"]
[Result "1-0"]
[WhiteElo "2050"]
[BlackElo "2160"]
[EventDate "2000.09.02"]
[PlyCount "83"]

1.e4 c5 2.Nf3 e6 3.d4 cxd4 4.Nxd4 Nf6 5.Nc3 d6 6.Be2 Be7 7.Be3 a6 8.O-O 
O-O 9.f4 Qc7 10.Qe1 b5 11.a3 Bb7 12.Bf3 Nbd7 13.f5 e5 14.Nb3 Nc5 15.Nd2 
Rfd8 16.Qg3 Kh8 17.Rae1 d5 18.exd5 Nxd5 19.Nxd5 Bxd5 20.Kh1 f6 21.Bxd5 
Rxd5 22.c4 bxc4 23.Rc1 Qd8 24.Nxc4 Rd3 25.Qg4 Nb3 26.Rc2 Rc8 27.Nxe5 Rxc2 
28.Nf7+ Kg8 29.Nxd8 Rxd8 30.Qe4 Rcc8 31.Qxe7 Re8 32.Qb7 Rb8 33.Qd5+ Kh8 
34.Bf4 Rb5 35.Qc6 Rd8 36.Qxa6 Rbd5 37.h3 Nc5 38.Qc4 Nd3 39.b4 Rd4 40.Qc7 
R8d7 41.Qc6 h6 42.Bc7 1-0

[Event "18th WCh U20 Girls"]
[Site "Yerevan ARM"]
[Date "2000.09.30"]
[Round "11"]
[White "Dvorakova, Magdalena"]
[Black "Plachkinova, Tatiana"]
[Result "0-1"]
[WhiteElo "2026"]
[BlackElo "2171"]
[EventDate "2000.09.02"]
[PlyCount "44"]

1.e4 c5 2.Nf3 Nc6 3.d4 cxd4 4.Nxd4 Nf6 5.Nc3 d6 6.Bg5 e6 7.Bb5 Bd7 8.Bxc6 
Bxc6 9.Nxc6 bxc6 10.e5 Qa5 11.Bxf6 gxf6 12.exd6 Qe5+ 13.Qe2 Bxd6 14.Ne4 
Be7 15.c3 Rb8 16.O-O-O f5 17.Ng3 Bg5+ 18.Kc2 Qa5 19.Ra1 Bf6 20.Qe3 Ke7 21.
Rhd1 f4 22.Qd3 Rhd8 0-1

[Event "18th WCh U20 Girls"]
[Site "Yerevan ARM"]
[Date "2000.09.30"]
[Round "11"]
[White "Minnaar, Michelle"]
[Black "Galoian, Lilit"]
[Result "0-1"]
[WhiteElo "2062"]
[BlackElo "2114"]
[EventDate "2000.09.02"]
[PlyCount "94"]

1.d4 Nf6 2.Nf3 e6 3.Bg5 c5 4.e3 Qb6 5.Qc1 Ne4 6.Bh4 d5 7.c3 Bd7 8.Qc2 Nc6 
9.Nbd2 f5 10.Be2 Rc8 11.Qb3 Bd6 12.Qxb6 axb6 13.O-O O-O 14.Nxe4 fxe4 15.
Nd2 cxd4 16.exd4 Bf4 17.Rad1 g5 18.Bg3 Ne7 19.Bg4 Nf5 20.Bxf5 exf5 21.Bxf4
gxf4 22.Rfe1 Bb5 23.Nf1 Bc4 24.a3 Rc7 25.Rc1 h5 26.Nd2 Bd3 27.h4 Kh7 28.
Kh2 Rg8 29.Rg1 Bb5 30.b3 Rgc8 31.Nb1 Bd3 32.a4 Bxb1 33.Rxb1 Rxc3 34.Rgd1 
Rc2 35.Kg1 Kg6 36.Kf1 Kf6 37.Re1 Ke6 38.b4 Rd2 39.a5 Rxd4 40.axb6 Ke5 41.
b5 Rd2 42.Rec1 Rdc2 43.Rxc2 Rxc2 44.Ra1 d4 45.Ke1 d3 46.Ra7 e3 47.fxe3 
fxe3 0-1

[Event "18th WCh U20 Girls"]
[Site "Yerevan ARM"]
[Date "2000.10.01"]
[Round "12"]
[White "Jackova, Jana"]
[Black "Wang Yu"]
[Result "1-0"]
[WhiteElo "2358"]
[BlackElo "2401"]
[EventDate "2000.09.02"]
[PlyCount "49"]

1.e4 e5 2.Nf3 Nc6 3.Bc4 Be7 4.c3 Nf6 5.d3 O-O 6.Nbd2 d5 7.exd5 Nxd5 8.O-O 
a6 9.Re1 Bg4 10.h3 Bh5 11.Nf1 Nb6 12.Bb3 Kh8 13.Ng3 Bg6 14.Nxe5 Nxe5 15.
Rxe5 Bd6 16.Re1 f5 17.Qf3 Qh4 18.d4 f4 19.Ne4 Bh5 20.Qd3 Bg6 21.Qf1 Be7 
22.Bd1 Bf7 23.g3 Qh6 24.Bxf4 Qc6 25.Nd2 1-0

[Event "18th WCh U20 Girls"]
[Site "Yerevan ARM"]
[Date "2000.10.01"]
[Round "12"]
[White "Xu Yuanyuan"]
[Black "Pina Vega, Sulennis"]
[Result "1-0"]
[WhiteElo "2396"]
[BlackElo "2312"]
[EventDate "2000.09.02"]
[PlyCount "119"]

1.d4 d5 2.c4 dxc4 3.Nf3 Nf6 4.e3 Bg4 5.Bxc4 e6 6.h3 Bh5 7.Qb3 Bxf3 8.gxf3 
Nbd7 9.Qxb7 c5 10.dxc5 Bxc5 11.f4 O-O 12.Qf3 Nb6 13.Be2 Bb4+ 14.Bd2 Bxd2+ 
15.Nxd2 Qd6 16.a3 Rac8 17.Ne4 Nxe4 18.Qxe4 f5 19.Qd3 Qe7 20.O-O Qh4 21.Kh2
Rcd8 22.Qc2 Nd5 23.Rad1 Rc8 24.Qd3 Rcd8 25.Qa6 Rf6 26.Bf3 Rdf8 27.Bxd5 
exd5 28.Qe2 Rd6 29.Rd4 Qd8 30.Rc1 Qb6 31.b4 Rfd8 32.Rc5 Qb7 33.Qc2 Qf7 34.
Qd1 h6 35.Kg2 Qe6 36.Kf1 R6d7 37.b5 Rd6 38.a4 Qd7 39.Qc2 Qf7 40.Qd1 Qd7 
41.a5 Qf7 42.Qf3 Kh7 43.Kg2 R8d7 44.Kh2 Qg8 45.Qh5 Qf8 46.Rc6 Rd8 47.Rxd6 
Rxd6 48.Qd1 Qd8 49.Qd2 Qh4 50.Qc2 Qh5 51.Rd2 Qf3 52.Qd1 Qxd1 53.Rxd1 Kg6 
54.Kg3 Rd8 55.Kf3 Kf6 56.Ke2 Ke6 57.Rg1 Kf6 58.Rc1 Rd7 59.Rc6+ Ke7 60.Kd3 
1-0

[Event "18th WCh U20 Girls"]
[Site "Yerevan ARM"]
[Date "2000.10.01"]
[Round "12"]
[White "Mkrtchian, Lilit"]
[Black "Ramaswamy, Aarthie"]
[Result "1-0"]
[WhiteElo "2312"]
[BlackElo "2319"]
[EventDate "2000.09.02"]
[PlyCount "77"]

1.d4 Nf6 2.c4 g6 3.Nc3 Bg7 4.e4 d6 5.Nf3 O-O 6.h3 Na6 7.Be3 c5 8.d5 Nc7 9.
Bd3 a6 10.a4 b6 11.O-O Rb8 12.Rb1 a5 13.Qd2 Na6 14.Rfe1 e6 15.dxe6 Bxe6 
16.Rbd1 Qe7 17.Bf1 Rfd8 18.Bg5 Rd7 19.Qf4 Nc7 20.Qh4 Nce8 21.Rd2 Qf8 22.g4
h6 23.Be3 Rbd8 24.Nh2 Nh7 25.f4 f5 26.exf5 gxf5 27.Bf2 Nc7 28.Bd3 Qf7 29.
Rde2 fxg4 30.Nxg4 Bxc4 31.Re7 Qxf4 32.Bxh7+ Kh8 33.Bg6 Qg5 34.Qxg5 hxg5 
35.Bf5 Rxe7 36.Rxe7 Nd5 37.Nxd5 Bxd5 38.Ne3 Bc6 39.b3 1-0

[Event "18th WCh U20 Girls"]
[Site "Yerevan ARM"]
[Date "2000.10.01"]
[Round "12"]
[White "Zimina, Olga"]
[Black "Pahtz, Elisabeth"]
[Result "1-0"]
[WhiteElo "2263"]
[BlackElo "2343"]
[EventDate "2000.09.02"]
[PlyCount "103"]

1.e4 c5 2.Nf3 d6 3.d4 cxd4 4.Qxd4 Nc6 5.Bb5 Bd7 6.Bxc6 Bxc6 7.Nc3 Nf6 8.
Bg5 e6 9.O-O-O Be7 10.Rhe1 O-O 11.Kb1 h6 12.Bh4 Re8 13.Qd3 Qa5 14.Nd4 Rac8
15.Bxf6 Bxf6 16.f4 Red8 17.g4 b5 18.h4 Bxd4 19.Qxd4 b4 20.Ne2 Bb5 21.g5 e5
22.Qg1 Qb6 23.Qg4 h5 24.Qxh5 exf4 25.g6 Bxe2 26.Rxe2 fxg6 27.Qd5+ Kh8 28.
Rg2 Qc5 29.Qf7 Qh5 30.Rdg1 Rf8 31.Qd7 Rcd8 32.Qh3 Rf6 33.Rg5 Qh7 34.Qf3 
Rc8 35.h5 gxh5 36.Rxh5 Rh6 37.Rxh6 gxh6 38.Qxf4 Rg8 39.Qf6+ Rg7 40.b3 h5 
41.Rg5 h4 42.Rg4 h3 43.Rh4 Qxh4 44.Qxh4+ Rh7 45.Qd8+ Kg7 46.Qc7+ Kg8 47.
Qb8+ Kf7 48.Qxa7+ Kg6 49.Qg1+ Kf6 50.Qf2+ Kg6 51.Qh2 Kf7 52.Kc1 1-0

[Event "18th WCh U20 Girls"]
[Site "Yerevan ARM"]
[Date "2000.10.01"]
[Round "12"]
[White "Mohota, Nisha"]
[Black "Gvetadze, Sopio"]
[Result "1-0"]
[WhiteElo "2275"]
[BlackElo "2196"]
[EventDate "2000.09.02"]
[PlyCount "67"]

1.d4 d5 2.c4 e6 3.Nc3 Bb4 4.cxd5 exd5 5.Bf4 Nf6 6.e3 O-O 7.Bd3 c5 8.Ne2 
cxd4 9.exd4 Nc6 10.O-O Bg4 11.a3 Be7 12.Bc2 Qd7 13.Be5 Bh5 14.f3 Rfe8 15.
Kh1 Bd8 16.Bxf6 Bxf6 17.Bb3 g5 18.Bxd5 Bg7 19.Qd2 h6 20.Rad1 Rad8 21.b4 
Kh8 22.b5 Ne7 23.Be4 f5 24.Bb1 Nd5 25.Nxd5 Qxd5 26.Qd3 Bg6 27.Rd2 Rd6 28.
Ba2 Qc5 29.dxc5 Rxd3 30.Rxd3 Rxe2 31.Rd8+ Re8 32.Rfd1 Kh7 33.Rxe8 Bxe8 34.
a4 1-0

[Event "18th WCh U20 Girls"]
[Site "Yerevan ARM"]
[Date "2000.10.01"]
[Round "12"]
[White "Kaps, Darja"]
[Black "Aginian, Nelly"]
[Result "1-0"]
[WhiteElo "2180"]
[BlackElo "2205"]
[EventDate "2000.09.02"]
[PlyCount "111"]

1.e4 e6 2.d4 d5 3.Nc3 Nf6 4.e5 Nfd7 5.f4 c5 6.Nf3 a6 7.Be3 Qb6 8.Qd2 Qxb2 
9.Rb1 Qa3 10.Be2 Nc6 11.O-O cxd4 12.Bxd4 Nxd4 13.Nxd4 Bc5 14.Kh1 Bxd4 15.
Qxd4 Qc5 16.Qd3 O-O 17.f5 Nxe5 18.Qg3 f6 19.fxe6 Ng6 20.Na4 Qxc2 21.Nb6 
Qxe2 22.Rbe1 Qb2 23.Nxa8 Bxe6 24.Rxe6 Rxa8 25.h4 d4 26.h5 Qb5 27.Kg1 Qxh5 
28.Qb3 Kh8 29.Qxb7 Rf8 30.Qxa6 Qg5 31.Qc6 Ne5 32.Qe4 Rg8 33.Qxd4 h5 34.Qf4
Qxf4 35.Rxf4 Rc8 36.Rf5 Rc1+ 37.Rf1 Rc4 38.Ra6 h4 39.a4 Rg4 40.Kh2 Rg3 41.
Ra5 Kh7 42.Ra7 Kg6 43.a5 Ng4+ 44.Kh1 Ra3 45.a6 f5 46.Ra8 Ra2 47.a7 f4 48.
Kg1 Kg5 49.Rb1 Ne3 50.Rb7 g6 51.Rf8 Kg4 52.a8=Q Rxg2+ 53.Kh1 Kg3 54.Rb3 
Rf2 55.Rxe3+ fxe3 56.Qb8+ 1-0

[Event "18th WCh U20 Girls"]
[Site "Yerevan ARM"]
[Date "2000.10.01"]
[Round "12"]
[White "Galoian, Lilit"]
[Black "Calotescu, Ana-Cristina"]
[Result "1/2-1/2"]
[WhiteElo "2114"]
[BlackElo "2222"]
[EventDate "2000.09.02"]
[PlyCount "38"]

1.d4 Nf6 2.c4 g6 3.Nc3 Bg7 4.e4 d6 5.f3 O-O 6.Be3 c5 7.Nge2 Nc6 8.d5 Ne5 
9.Ng3 e6 10.Be2 exd5 11.cxd5 a6 12.a4 h5 13.O-O Nh7 14.h3 h4 15.Nh1 g5 16.
f4 gxf4 17.Bxf4 Ng6 18.Be3 Qe7 19.Qd2 f5 1/2-1/2

[Event "18th WCh U20 Girls"]
[Site "Yerevan ARM"]
[Date "2000.10.01"]
[Round "12"]
[White "Mosin, Cristina"]
[Black "Minnaar, Michelle"]
[Result "1-0"]
[WhiteElo "2191"]
[BlackElo "2062"]
[EventDate "2000.09.02"]
[PlyCount "41"]

1.e4 c5 2.Nf3 d6 3.d4 cxd4 4.Nxd4 Nf6 5.Nc3 g6 6.Be3 Bg7 7.f3 Nc6 8.Qd2 
O-O 9.O-O-O d5 10.Qe1 e6 11.h4 Bd7 12.h5 Rc8 13.g4 dxe4 14.hxg6 hxg6 15.
Qh4 Re8 16.Nxc6 Rxc6 17.Bg5 e5 18.Bb5 Ree6 19.Bxc6 Rxc6 20.Nxe4 Qe7 21.
Rxd7 1-0